| 000 | 00689nam a22002057a 4500 | ||
|---|---|---|---|
| 003 | BD-DhJNU | ||
| 005 | 20250422065152.0 | ||
| 008 | 250422b |||||||| |||| 00| 0 eng d | ||
| 020 | _a9840513451 | ||
| 040 |
_aBD-DhJNU _bENG _cBD-DhJNU _dBD-DhJNU |
||
| 082 |
_223 _a305.42095492 HAW |
||
| 100 | _aHamid, Shamim | ||
| 245 |
_aWhy women count : _bessays on women in development in Bangladesh / _cShamim Hamid |
||
| 260 |
_aDhaka : _bThe University Press, _c1996. |
||
| 300 |
_aviii,183p. : _bill. ; _c22 cm. |
||
| 504 | _aIncludes bibliographical references and index | ||
| 650 |
_aWomen _vBangladesh _xEconomic conditions |
||
| 650 |
_aWomen's rights _vBangladesh |
||
| 942 |
_2ddc _cBK _n0 |
||
| 999 |
_c1604 _d1604 |
||